Geography Encyclopedia / (Record no. 196391)

MARC details
000 -LEADER
fixed length control field 00733nam a22001937a 4500
005 - DATE AND TIME OF LATEST TRANSACTION
control field 20230713113058.0
010 ## - LCCN (DPL NO)
LC control number B-751403-414 CHEN 25.5.23
020 ## - INTERNATIONAL STANDARD BOOK NUMBER
International Standard Book Number 9789384625979
Terms of availability 995.00
035 ## - SYSTEM CONTROL NUMBER
System control number B-751403-414
037 ## - SOURCE OF ACQUISITION
Source of stock number/acquisition Om Books International
082 ## - DEWEY DECIMAL CLASSIFICATION NUMBER
Classification number 915
245 ## - TITLE STATEMENT
Title Geography Encyclopedia /
260 ## - PUBLICATION, DISTRIBUTION, ETC. (IMPRINT)
Place of publication, distribution, etc New Delhi
Name of publisher, distributor, etc Om Books International
Date of publication, distribution, etc 2020(repr.)
270 ## - ADDRESS
Address 107, Ansari Road, Darya Ganj, New Delhi
City New Delhi
Postal code 110002
300 ## - PHYSICAL DESCRIPTION
Extent 256p.
Other physical details col.ill
Dimensions 29cm(Hb)
500 ## - GENERAL NOTE
General note Index Included
942 ## - ADDED ENTRY ELEMENTS (KOHA)
Source of classification or shelving scheme Dewey Decimal Classification
Item type Children Books
Call number suffix GEO
Classification part 915
Holdings
Withdrawn status Lost status Not for loan Collection code Home library Current library Date acquired Source of acquisition Cost, normal purchase price Full call number Barcode Copy number Cost, replacement price Koha item type
      Non-fiction Ashok Vihar Ashok Vihar 13/07/2023 BSB/CH/444/9.3.23/450/2.3.23/9.3.23 995.00 915 GEO B-751404 1 995.00 Children Books
      Non-fiction Bawana Bawana 13/07/2023 BSB/CH/444/9.3.23/450/2.3.23/9.3.23 995.00 915 GEO B-751411 1 995.00 Children Books
      Non-fiction Central Library Central Library 13/07/2023 BSB/CH/444/9.3.23/450/2.3.23/9.3.23 995.00 915 GEO B-751403 1 995.00 Children Books
      Non-fiction Janak Puri Janak Puri 13/07/2023 BSB/CH/444/9.3.23/450/2.3.23/9.3.23 995.00 915 GEO B-751407 1 995.00 Children Books
      Non-fiction Kadipur Kadipur 13/07/2023 BSB/CH/444/9.3.23/450/2.3.23/9.3.23 995.00 915 GEO B-751412 1 995.00 Children Books
      Non-fiction Kasturba Gandhi Marg Kasturba Gandhi Marg 13/07/2023 BSB/CH/444/9.3.23/450/2.3.23/9.3.23 995.00 915 GEO B-751406 1 995.00 Children Books
      Non-fiction Patel Nagar Patel Nagar 13/07/2023 BSB/CH/444/9.3.23/450/2.3.23/9.3.23 995.00 915 GEO B-751405 1 995.00 Children Books
      Non-fiction R.K.Puram-8 R.K.Puram-8 13/07/2023 BSB/CH/444/9.3.23/450/2.3.23/9.3.23 995.00 915 GEO B-751409 1 995.00 Children Books
      Non-fiction Sarojini Nagar Sarojini Nagar 13/07/2023 BSB/CH/444/9.3.23/450/2.3.23/9.3.23 995.00 915 GEO B-751408 1 995.00 Children Books
      Non-fiction Shahdara Branch Shahdara Branch 13/07/2023 BSB/CH/444/9.3.23/450/2.3.23/9.3.23 995.00 915 GEO B-751413 1 995.00 Children Books
      Non-fiction Vinoba Puri Vinoba Puri 13/07/2023 BSB/CH/444/9.3.23/450/2.3.23/9.3.23 995.00 915 GEO B-751410 1 995.00 Children Books
      Non-fiction Yojana Vihar Yojana Vihar 13/07/2023 BSB/CH/444/9.3.23/450/2.3.23/9.3.23 995.00 915 GEO B-751414 1 995.00 Children Books

© Delhi Public Library
Hit Counter
free hit counter